000 00559nam a2200205Ia 4500
005 20250508164701.0
008 008 250505s9999 xx 000 0 eng d
020 _a81-250-3188-X
037 _aTextual
040 _aFEDL
_beng
_cFEDL
041 _aeng
_2eng
084 _a900, HAR
_qFEDL
100 _aHarman Chris
245 0 _aPeople's history of the world
260 _aNew Delhi, India
_bOrient Blackswan Private Limited
_c2007
300 _avii,729p.
365 _aINR
_b385
942 _cTEXL
_h900, HAR
999 _c1390531
_d1390531